Statistiques concernant Groupes féminins dans le top français

Cliquez ici pour prendre le quiz!

Statistiques générales

  • Ce quiz a été pris 27 fois
  • Le résultat moyen est 28 sur 68

Statistiques - réponses

Position dans les ChartsNom de l'albumAnnée de sortieRéponse% Correct
1Spice1996Spice Girls
100%
2Spiceworld1997Spice Girls
100%
13Forever2000Spice Girls
100%
21Greatest Hits2007Spice Girls
100%
1Retiens-moi2002L5
96%
15Best Of2006L5
96%
1L52001L5
96%
8Turbulences2005L5
96%
32Le Live2004L5
96%
4Survivor2001Destiny's Child
75%
1348 Days of Christmas2001Destiny's Child
75%
64The Writing's on the Wall1999Destiny's Child
75%
9Destiny Fulfilled2004Destiny's Child
75%
28Notes2022Les Frangines
75%
10Les Frangines2019Les Frangines
75%
24Kréòl1991Zouk Machine
71%
20Le Best of Zouk Machine1995Zouk Machine
71%
1Maldòn1989Zouk Machine
71%
11The Album2020Blackpink
67%
3Born Pink2022Blackpink
67%
14Et vous, tu m'aimes?2011Brigitte
58%
7À bouche que veux-tu2014Brigitte
58%
15Toutes nues2019Brigitte
58%
16Nues2017Brigitte
58%
107Encore2012Brigitte
58%
18Hijas del Tomate2002Las Ketchup
54%
36Saints & Sinners2000All Saints
42%
19All Saints1997All Saints
42%
185This Is... Icona Pop2013Icona Pop
38%
9Native1993Native
38%
27Couleurs de l'amour1997Native
38%
81Reflection2015Fifth Harmony
33%
627/272016Fifth Harmony
33%
5En attendant l'Album2015LEJ
33%
38Salute2013Little Mix
33%
27DNA2012Little Mix
33%
55LM52018Little Mix
33%
52Confetti2020Little Mix
33%
50Glory Days2016Little Mix
33%
47Get Weird2015Little Mix
33%
23PCD2005Pussy Cat Dolls
33%
16Doll Domination2008Pussy Cat Dolls
33%
8200 km/h in the Wrong Lane2002t.A.T.u.
25%
23Dangerous and Moving2005t.A.T.u.
25%
102Diadems2003Diadems
21%
24FanMail1999TLC
21%
1013D2002TLC
21%
40CrazySexyCool1994TLC
21%
79Girls2022Aespa
17%
26My World2023Aespa
17%
61Right Now2002Atomic Kitten
17%
74Feels So Good2002Atomic Kitten
17%
39Saveurs exotiques2007Les Déesses
13%
15Ready To Be2023Twice
13%
130The Boys2011Girls' Generation
8%
5Get Up2023NewJeans
8%
105Change2007Sugababes
8%
128Three2003Sugababes
8%
15Born2001Bond
0%
95Classified1995Bond
0%
35Shine2003Bond
0%
47EV31997En Vogue
0%
56Masterpiece Theatre2000En Vogue
0%
167Days Are Gone2013HAIM
0%
61LP12007Les Plastiscines
0%
138About Love2009Les Plastiscines
0%
171Back to the Start2014Les Plastiscines
0%
35The Album2002Models
0%

Distribution des résultats

Percentile par nombre de réponses

% des personnes avec chaque résultat

Votre développement - résultats

Vous n’avez pas pris ce quiz